THE LASER IS A FLEXIBLE TOOL FOR SURFACE ENGINEERING

Bibliographic Details
Main Author: Takács, Ján, 1954- (Author)
Format: Article
Language:English
ISBN:8071005193

MARC

LEADER 00000naa a2200000uu 4500
001 vtls010954122
003 SK-MaSNL
005 20260302123958.0
008 210910|1998 xo |||||||||||||||||eng|
015 |a SNBRA 
035 |a (urnnbn)urn:nbn:sk:snk:ar-a0bm5h 
035 |a (uuid)28aa7542-76ef-4af5-bbc0-284a4a376c58 
035 |a urn:nbn:sk:snk-aaue4u 
040 |a SNKBUCL  |b slo  |c SNKBUCL  |e AACR2 
041 0 |a eng 
044 |a xo  |c SK 
100 1 |a Takács, Ján,  |d 1954-  |4 aut  |9 206937 
245 1 0 |a THE LASER IS A FLEXIBLE TOOL FOR SURFACE ENGINEERING  |c J. Takács 
773 0 |t Communications on the edge of the millenniums  |d Žilina : University of Žilina, 1998, 1998  |g S. 183-186  |z 8071005193 
958 |a OND 
958 |a article11 
958 |a chapter 
999 |c 1285539  |d 1287469